Library Banner

الاصدارات العربیۃ/ (Record no. 92747)

MARC details
000 -LEADER
fixed length control field 00348nam a22001337a 4500
005 - DATE AND TIME OF LATEST TRANSACTION
control field 20170420100538.0
008 - FIXED-LENGTH DATA ELEMENTS--GENERAL INFORMATION
fixed length control field 170420b xxu||||| |||| 00| 0 eng d
040 ## - CATALOGING SOURCE
Transcribing agency PK-LaUMT
082 ## - DEWEY DECIMAL CLASSIFICATION NUMBER
Classification number ZIAC 297.05
Item number ALA-
245 ## - TITLE STATEMENT
Title الاصدارات العربیۃ/
260 ## - PUBLICATION, DISTRIBUTION, ETC. (IMPRINT)
Place of publication, distribution, etc جدہ:
Name of publisher, distributor, etc المعھدالعلالمی،
Date of publication, distribution, etc 1981
300 ## - PHYSICAL DESCRIPTION
Extent []
942 ## - ADDED ENTRY ELEMENTS (KOHA)
Koha item type Books
Holdings
Withdrawn status Lost status Damaged status Home library Current library Date acquired Full call number Barcode Date last seen Price effective from Koha item type
      UMT Main Campus UMT Main Campus 2017-04-20 ZIAC 297.05 ALA- 107749 2017-04-20 2017-04-20 Books